[Event "European Rapid 2022"]
[Site "Katowice POL"]
[Date "2022.12.18"]
[Round "7.79"]
[White "Delgerdalai, Bayarjavkhlan"]
[Black "Langheinrich, Ferenc"]
[Result "0-1"]
[BlackTitle "IM"]
[WhiteElo "2100"]
[BlackElo "2381"]
[WhiteFideId "23727276"]
[BlackFideId "4641973"]
[EventDate "2022.12.17"]

1. e4 d5 2. exd5 Qxd5 3. Nc3 Qa5 4. d4 Nf6 5. Nf3 Bg4 6. Bd2 c6 7. Ne4 Qb6 8.
Nxf6+ gxf6 9. Bc3 e6 10. Be2 Nd7 11. O-O Bg7 12. a4 a5 13. Qd2 O-O 14. Rad1 Qc7
15. Rfe1 Rfe8 16. b3 Nf8 17. h3 Bxf3 18. Bxf3 Ng6 19. g3 f5 20. Kg2 b6 21. h4
Rad8 22. h5 Nf8 23. h6 Bh8 24. d5 e5 25. d6 Qd7 26. Qg5+ Ng6 27. g4 f6 28. Qe3
fxg4 29. Be4 f5 30. Bd3 Bf6 31. Bc4+ Kf8 32. Qxb6 Nf4+ 33. Kg1 Rc8 34. Qxa5 c5
35. Bb5 Qb7 36. Bf1 Nh3+ 37. Kh2 Bg5 38. Bd2 Qf3 39. Bg2 Qxf2 40. Bxg5 Nxg5 41.
Rf1 Nf3+ 0-1

[Event "European Rapid 2022"]
[Site "Katowice POL"]
[Date "2022.12.18"]
[Round "7.80"]
[White "Bergsson, Stefan"]
[Black "Gaponenko, Inna"]
[Result "0-1"]
[BlackTitle "IM"]
[WhiteElo "2172"]
[BlackElo "2341"]
[WhiteFideId "2301393"]
[BlackFideId "14101181"]
[EventDate "2022.12.17"]

1. d4 d6 2. e4 Nf6 3. Nc3 g6 4. Be2 c6 5. h4 h6 6. h5 g5 7. f4 gxf4 8. Bxf4 Qa5
9. Qd2 e5 10. Be3 Ng4 11. Bxg4 Bxg4 12. Rh4 exd4 13. Qxd4 Rg8 14. b4 Qd8 15. Rh1
Bg7 16. Qd3 Qf6 17. Kd2 Nd7 18. Rf1 Qe6 19. Nf3 Bxf3 20. gxf3 Ne5 21. Qe2 Nc4+
22. Kd3 O-O-O 23. Bxa7 d5 24. e5 Nxe5+ 25. Kd2 Nc4+ 26. Kd3 Qf5+ 27. Ne4 Ne5+
28. Ke3 dxe4 29. fxe4 Ng4+ 0-1

[Event "European Rapid 2022"]
[Site "Katowice POL"]
[Date "2022.12.18"]
[Round "7.82"]
[White "Madan, Augustin"]
[Black "Mayrhuber, Tobias"]
[Result "1-0"]
[WhiteTitle "IM"]
[WhiteElo "2292"]
[BlackElo "2006"]
[WhiteFideId "1210327"]
[BlackFideId "1639692"]
[EventDate "2022.12.17"]

1. d4 d5 2. c4 c6 3. Nf3 Nf6 4. Nc3 a6 5. e3 Bf5 6. Be2 e6 7. Nh4 Bg6 8. Nxg6
hxg6 9. Qc2 Qc7 10. h3 Nbd7 11. Bd2 Bd6 12. e4 Bf4 13. e5 Bxd2+ 14. Qxd2 Ng8 15.
c5 Ne7 16. b4 a5 17. b5 b6 18. bxc6 Qxc6 19. Bb5 Qc7 20. Na4 bxc5 21. Nxc5 Nc6
22. Rc1 Qb6 23. Nxe6 fxe6 24. Bxc6 Rc8 25. Bxd7+ Kxd7 26. O-O Rxc1 27. Rxc1 Rc8
28. Rxc8 Kxc8 29. Qd3 Qc6 30. g3 a4 31. Kg2 Qe8 32. Qa6+ Kb8 33. Qb6+ Ka8 34.
Qc7 Qb5 35. Qc8+ Ka7 36. Qxe6 Qc4 37. Qf7+ Kb6 38. e6 1-0

[Event "European Rapid 2022"]
[Site "Katowice POL"]
[Date "2022.12.18"]
[Round "7.83"]
[White "Maier, Christian"]
[Black "Paprocki, Jaroslaw"]
[Result "1-0"]
[WhiteTitle "IM"]
[WhiteElo "2315"]
[BlackElo "2158"]
[WhiteFideId "4601955"]
[BlackFideId "1122274"]
[EventDate "2022.12.17"]

1. e4 e5 2. Nf3 Nc6 3. Bc4 Bc5 4. c3 Nf6 5. d3 d6 6. Bb3 a6 7. Nbd2 Ba7 8. O-O
Be6 9. Nc4 h6 10. Be3 b5 11. Ncd2 d5 12. Bxa7 Rxa7 13. exd5 Bxd5 14. Re1 O-O 15.
Nxe5 Nxe5 16. Rxe5 Qd6 17. d4 Bxb3 18. axb3 c6 19. b4 Nd5 20. Qf3 Qg6 21. Qe4 f5
22. Qf3 Rf6 23. Nb3 Nb6 24. Nc5 Nc4 25. Re2 f4 26. h3 Kh7 27. Nd3 Rf5 28. b3 Nd6
29. Ne5 Qf6 30. Qxc6 Rg5 31. Nf3 Rg6 32. Rae1 Qf8 33. Re6 Rf6 34. c4 a5 35. c5
Rxe6 36. Rxe6 Nf5 37. bxa5 Rxa5 38. Qe4 Ra1+ 39. Kh2 Qf7 40. d5 g6 41. Qxf4 Rd1
42. Qe5 Rf1 43. Re8 Ng7 44. Re7 Qf8 45. d6 1-0

[Event "European Rapid 2022"]
[Site "Katowice POL"]
[Date "2022.12.18"]
[Round "7.84"]
[White "Fistek, Dariusz"]
[Black "Czerw, Dawid"]
[Result "0-1"]
[BlackTitle "IM"]
[WhiteElo "2158"]
[BlackElo "2373"]
[WhiteFideId "1132210"]
[BlackFideId "1145746"]
[EventDate "2022.12.17"]

1. d4 e6 2. c4 Bb4+ 3. Bd2 a5 4. Nf3 Nf6 5. g3 b6 6. Bg2 Bb7 7. O-O O-O 8. Bf4
Be7 9. Nc3 d6 10. Qc2 c5 11. dxc5 bxc5 12. Rad1 Qb6 13. b3 h6 14. h3 Rd8 15. e4
Nc6 16. e5 dxe5 17. Bxe5 Rac8 18. Nb5 Ne8 19. Rxd8 Rxd8 20. Rd1 Nb4 21. Qe2 Nxa2
22. Rxd8 Qxd8 23. Qxa2 Qd1+ 24. Kh2 Bxf3 25. Qxa5 Bxg2 26. Kxg2 f6 27. Qa8 Kf7
28. Nc7 Nxc7 29. Bxc7 Qxb3 30. Qa6 Qd3 31. Qb5 Qe4+ 32. Kg1 f5 33. Qd7 Qd4 34.
Qb5 g5 35. Kg2 Qe4+ 36. Kg1 f4 37. gxf4 gxf4 38. Qd7 f3 39. Kh2 Qxc4 40. Bd6 Qh4
41. Bxc5 Qf4+ 0-1

[Event "European Rapid 2022"]
[Site "Katowice POL"]
[Date "2022.12.18"]
[Round "7.85"]
[White "Voege, Tobias"]
[Black "Gorniewicz, Oskar"]
[Result "1-0"]
[WhiteTitle "FM"]
[WhiteElo "2300"]
[BlackElo "1883"]
[WhiteFideId "1270513"]
[BlackFideId "1139584"]
[EventDate "2022.12.17"]

1. d4 e6 2. c4 Nf6 3. Nf3 h6 4. g3 d5 5. Bg2 c6 6. O-O Nbd7 7. Nbd2 Bb4 8. Qc2
O-O 9. e4 dxe4 10. Nxe4 Nxe4 11. Qxe4 Nf6 12. Qe2 Re8 13. a3 Bf8 14. b4 a5 15.
Rb1 axb4 16. axb4 Qb6 17. Rb3 Ra4 18. Bd2 Qa6 19. Ne5 Rd8 20. Bc3 Ra2 21. Rb2
Ra3 22. Qc2 Nd7 23. b5 cxb5 24. cxb5 Qa7 25. Bb4 Bxb4 26. Rxb4 Nxe5 27. dxe5 Qa5
28. Qc5 b6 29. Qe7 Rad3 30. Bc6 Qa3 31. Be8 Qxb4 32. Bxf7+ 1-0

[Event "European Rapid 2022"]
[Site "Katowice POL"]
[Date "2022.12.18"]
[Round "7.86"]
[White "Warchol, Kamil"]
[Black "Vardanyan, Aras"]
[Result "0-1"]
[WhiteTitle "FM"]
[BlackTitle "CM"]
[WhiteElo "2164"]
[BlackElo "2271"]
[WhiteFideId "21858241"]
[BlackFideId "12808792"]
[EventDate "2022.12.17"]

1. e4 c5 2. Nf3 d6 3. d4 cxd4 4. Nxd4 Nf6 5. Nc3 a6 6. Be3 e5 7. Nf3 Be7 8. Bc4
Be6 9. Bb3 O-O 10. O-O h6 11. h3 b5 12. Qd3 Nc6 13. Rad1 Na5 14. Bxe6 fxe6 15.
a4 b4 16. Na2 Qb8 17. Nh4 Kh7 18. Bd2 Nc6 19. Qc4 Nd4 20. c3 Rc8 21. Qd3 bxc3
22. bxc3 Nb3 23. Rb1 Nc5 24. Qg3 Qc7 25. Qg6+ Kg8 26. Bxh6 Bf8 27. Nf3 Qf7 28.
Qxf7+ Kxf7 29. Be3 Nfxe4 30. a5 Be7 31. Nd2 Rab8 32. Nxe4 Nxe4 33. Rb6 Bd8 34.
Rxa6 Ra8 35. Rxa8 Rxa8 36. f3 Ng3 37. Rd1 Bxa5 38. Bf2 Nf5 39. g4 Bc7 40. Nb4
Ne7 41. c4 Ra4 42. Be1 Bb6+ 43. Kh1 Bd4 44. Kg2 Ng6 45. h4 Nxh4+ 46. Bxh4 Rxb4
47. Rc1 Rb2+ 48. Kf1 Rh2 49. Be1 Bc5 50. Ra1 Rc2 51. Ra4 Kg6 52. Bh4 Rd2 53. Be1
Rd3 54. Kg2 Kg5 55. Ra8 Rd4 56. Rg8 Kg6 57. Re8 Kf7 58. Rc8 Rxc4 59. Bh4 e4 60.
fxe4 Rxe4 61. Kf3 Re3+ 62. Kf4 Ra3 63. Be1 Kg6 64. Bd2 Rd3 65. Bc1 Rc3 66. Bd2
Be3+ 0-1

[Event "European Rapid 2022"]
[Site "Katowice POL"]
[Date "2022.12.18"]
[Round "7.87"]
[White "Cukrowski, Filip"]
[Black "Grzesik, Gracjan"]
[Result "1-0"]
[WhiteTitle "FM"]
[WhiteElo "2402"]
[BlackElo "2148"]
[WhiteFideId "1171097"]
[BlackFideId "1194593"]
[EventDate "2022.12.17"]

1. d4 Nf6 2. c4 e6 3. Nf3 c5 4. Nc3 cxd4 5. Nxd4 Bb4 6. Qb3 Na6 7. g3 O-O 8. Bg2
Qb6 9. Nc2 Bc5 10. O-O Rd8 11. Qxb6 Bxb6 12. Bg5 h6 13. Bxf6 gxf6 14. Ne4 f5 15.
Nd6 Rb8 16. b4 Kf8 17. Rfd1 Ke7 18. Rab1 Bc7 19. Nb5 Ra8 20. Rd3 Bb8 21. Rbd1
Be5 22. f4 Bc7 23. c5 Bb8 24. Ra3 Nc7 25. Nd6 Nd5 26. Bxd5 exd5 27. Re3+ Kf6 28.
Rxd5 Bxd6 29. Rxd6+ Kg7 30. Nd4 b6 31. Nxf5+ Kf8 32. Rxh6 Kg8 33. Nd6 bxc5 34.
Re5 Ba6 35. Rg5+ Kf8 36. Nf5 1-0

[Event "European Rapid 2022"]
[Site "Katowice POL"]
[Date "2022.12.18"]
[Round "7.88"]
[White "Zamekhovskiy, Yevgen"]
[Black "Wyss, Jonas"]
[Result "1-0"]
[BlackTitle "FM"]
[WhiteElo "2095"]
[BlackElo "2222"]
[WhiteFideId "14174413"]
[BlackFideId "1311387"]
[EventDate "2022.12.17"]

1. d4 Nf6 2. Nf3 g6 3. g3 Bg7 4. Bg2 d5 5. O-O O-O 6. c4 c6 7. cxd5 cxd5 8. Nc3
Ne4 9. Qb3 Nxc3 10. bxc3 Nc6 11. Bf4 e6 12. Rfe1 b6 13. e4 dxe4 14. Ng5 Na5 15.
Qb4 f5 16. f3 h6 17. Nh3 Bb7 18. fxe4 Bxe4 19. Bxe4 fxe4 20. Rxe4 Qd5 21. Rae1
Rae8 22. Qd6 Qxa2 23. Rxe6 Rxe6 24. Rxe6 g5 25. Re7 gxf4 26. Nxf4 Rxf4 27. Qxf4
Qa1+ 28. Kg2 Qa2+ 29. Kh3 Qd5 30. Qg4 Qg5 31. Qxg5 hxg5 32. Rxa7 Nc4 33. Kg4
Ne3+ 34. Kxg5 Nd5 35. Kg6 Bf8 36. c4 Ne3 37. Rc7 Nc2 38. d5 Ne3 39. Rc8 Ng4 40.
d6 Ne5+ 41. Kf5 Nd7 42. Rc7 Nc5 43. d7 Be7 44. Rc8+ Kf7 45. d8=Q 1-0

[Event "European Rapid 2022"]
[Site "Katowice POL"]
[Date "2022.12.18"]
[Round "7.89"]
[White "Vega Gutierrez, Sabrina"]
[Black "Dubnevych, Maksym"]
[Result "1/2-1/2"]
[WhiteTitle "IM"]
[WhiteElo "2361"]
[BlackElo "2139"]
[WhiteFideId "2219026"]
[BlackFideId "14184001"]
[EventDate "2022.12.17"]

1. e4 c5 2. Nf3 Nc6 3. d4 cxd4 4. Nxd4 Nf6 5. Nc3 e5 6. Ndb5 d6 7. Bg5 a6 8. Na3
b5 9. Bxf6 gxf6 10. Nd5 Bg7 11. g3 O-O 12. Bg2 Be6 13. c3 Ne7 14. Nxe7+ Qxe7 15.
Nc2 Rac8 16. Qh5 Qb7 17. O-O a5 18. Ne3 b4 19. c4 b3 20. a3 Qa6 21. Rfd1 Rfd8
22. Bh3 Rc7 23. Bf5 h6 24. Rac1 Qa8 25. Qg4 Re7 26. Rc3 a4 27. Rcd3 Qc6 28. R1d2
Qc5 29. Qd1 Red7 30. Rd5 Qc6 31. Qg4 Re7 32. c5 Kf8 33. cxd6 Ree8 34. R5d3 Rd7
35. Rc3 Qb6 36. Qd1 Red8 37. Bxe6 fxe6 38. Nc4 Qa6 39. Qg4 Kf7 40. Qh5+ Kf8 41.
h4 Rc8 42. Qe2 Rc6 43. Kf1 Ke8 44. Rd1 Bf8 45. Rdc1 Bxd6 46. Qh5+ Kd8 47. Kg2
Be7 48. Nxe5 Rxc3 49. Nf7+ Kc7 50. Rxc3+ Kb8 51. Ne5 fxe5 52. Qe8+ Rd8 53. Qxe7
Qd6 54. Qg7 Rd7 55. Qxh6 Qd4 56. Qg6 Qxc3 57. bxc3 b2 58. Qe8+ Kc7 59. Qxe6 b1=Q
60. Qxe5+ Kb7 61. h5 Rd1 62. h6 Rg1+ 63. Kh3 Qd1 64. Qe7+ Kc6 65. Qe6+ Kb7 66.
Qf7+ Kc6 67. h7 Rh1+ 68. Kg2 Rg1+ 69. Kh3 Rh1+ 70. Kg2 Rg1+ 71. Kh3 1/2-1/2

[Event "European Rapid 2022"]
[Site "Katowice POL"]
[Date "2022.12.18"]
[Round "7.90"]
[White "Kacprzak, Karol"]
[Black "Jonsson, Gauti Pall"]
[Result "1-0"]
[WhiteElo "2226"]
[BlackElo "2045"]
[WhiteFideId "21819327"]
[BlackFideId "2309092"]
[EventDate "2022.12.17"]

1. e4 c5 2. Nf3 Nc6 3. d4 cxd4 4. Nxd4 e5 5. Nb5 d6 6. N1c3 a6 7. Na3 Be7 8. Nc4
b5 9. Ne3 Nf6 10. Bd3 Be6 11. O-O O-O 12. Ncd5 Bxd5 13. exd5 Nb8 14. a4 b4 15.
a5 Nbd7 16. Bd2 b3 17. cxb3 Nc5 18. Bc4 Nfe4 19. b4 Nd7 20. Be1 f5 21. Bd3 g6
22. Bxe4 fxe4 23. Qe2 Nf6 24. Ng4 Qd7 25. Nxf6+ Rxf6 26. Qxe4 Rf4 27. Qe2 Qf5
28. Ra3 Re4 29. Re3 Rd4 30. Bc3 Rxd5 31. Qc4 Qf7 32. Rf3 Qe6 33. Rd3 1-0

[Event "European Rapid 2022"]
[Site "Katowice POL"]
[Date "2022.12.18"]
[Round "7.91"]
[White "Castiglione, Mario"]
[Black "Kanli, Kaan"]
[Result "1-0"]
[WhiteElo "2247"]
[BlackElo "2006"]
[WhiteFideId "14901641"]
[BlackFideId "6309836"]
[EventDate "2022.12.17"]

1. c4 e5 2. Nc3 Nf6 3. Nf3 Nc6 4. a3 d5 5. cxd5 Nxd5 6. d3 Be7 7. e4 Nb6 8. Be3
Be6 9. d4 exd4 10. Nxd4 Nxd4 11. Qxd4 Qxd4 12. Bxd4 O-O 13. Rc1 c6 14. f4 Rfe8
15. Kf2 Rad8 16. Be3 Nc4 17. Bxc4 Bxc4 18. Rhd1 Bb3 19. Rxd8 Rxd8 20. Ke2 b6 21.
Nb1 c5 22. Nd2 Ba4 23. Nc4 Bc6 24. Nd2 f5 25. b4 Bb5+ 26. Kf2 cxb4 27. Rc7 Bc5
28. Nf3 Bxe3+ 29. Kxe3 bxa3 30. Rxa7 Rd3+ 31. Kf2 h6 32. exf5 Bc4 33. Ne5 Rd4
34. Ke3 Rd8 35. Nxc4 b5 36. Nxa3 b4 37. Nc4 Rc8 38. Nd2 Rc3+ 39. Kd4 Rc2 40. Kd3
Rc3+ 41. Ke2 1-0

[Event "European Rapid 2022"]
[Site "Katowice POL"]
[Date "2022.12.18"]
[Round "7.92"]
[White "Kaliszuk, Kamil"]
[Black "Cherniaiev, Tykhon"]
[Result "0-1"]
[BlackTitle "FM"]
[WhiteElo "2103"]
[BlackElo "2330"]
[WhiteFideId "21870160"]
[BlackFideId "14182360"]
[EventDate "2022.12.17"]

1. e4 e5 2. Nf3 Nc6 3. Bb5 Nge7 4. O-O Ng6 5. d4 exd4 6. Nxd4 Nxd4 7. Qxd4 c6 8.
Be2 Qb6 9. Qxb6 axb6 10. Be3 b5 11. Nd2 d6 12. a3 Be7 13. Rad1 Be6 14. f4 f5 15.
g4 Nh4 16. gxf5 Bd7 17. Nf3 Nxf3+ 18. Bxf3 O-O-O 19. c3 Rdf8 20. Kf2 g6 21. Bd4
Rhg8 22. fxg6 hxg6 23. Be3 Rh8 24. Rh1 g5 25. f5 d5 26. exd5 Rxf5 27. Ke2 cxd5
28. Bxd5 Re8 29. Bxb7+ Kc7 30. Be4 Re5 31. Kd3 Bd6 32. Bxg5 Rxe4 33. Kc2 Bf5 34.
Kb3 Re2 35. Ka2 Rg2 36. Bc1 Ree2 37. Rde1 Rxh2 38. Rxe2 Rxh1 39. Be3 Bd3 40. Rf2
Kc6 41. b3 Re1 42. Bd2 Rd1 43. Be3 Be4 44. Rd2 Re1 45. Bf2 Rc1 46. Kb2 Rf1 47.
Be3 Be5 48. Bd4 Bf4 49. Rf2 Bc1+ 50. Ka2 Rd1 51. Rf6+ Kd5 52. Rf2 Bg5 53. Rb2
Bd3 54. Rg2 Bf4 55. Rb2 Ke4 56. Rf2 Re1 57. Rb2 Rd1 58. Bg7 Rh1 59. Bd4 Bc1 60.
Rf2 Bb1+ 61. Ka1 Bxa3 62. Re2+ Kd3 63. Re3+ Kd2 64. Rg3 Bd6 65. Rg1 Rxg1 66.
Bxg1 Kc2 67. Bd4 Kc1 68. Be3+ Kc2 69. Bd4 Bc7 70. c4 b4 71. c5 Kd3 72. Bf2 Bc2
73. Be1 Ba5 74. c6 Bxb3 75. Kb2 Be6 76. c7 Kc4 77. Bg3 Bb6 78. Bd6 Bd4+ 79. Kc1
b3 80. Ba3 Be5 81. Kb1 Bxc7 82. Kc1 Bf4+ 83. Kd1 Kc3 84. Be7 Bg4+ 85. Ke1 Bd2+
86. Kf2 Kc2 87. Ba3 Bc1 0-1

[Event "European Rapid 2022"]
[Site "Katowice POL"]
[Date "2022.12.18"]
[Round "7.93"]
[White "Budrewicz, Krzysztof"]
[Black "Sop, Selen"]
[Result "1-0"]
[BlackTitle "WFM"]
[WhiteElo "2184"]
[BlackElo "1950"]
[WhiteFideId "1127950"]
[BlackFideId "6300278"]
[EventDate "2022.12.17"]

1. d4 Nf6 2. c4 e6 3. Nf3 b6 4. g3 Ba6 5. Qc2 Bb4+ 6. Bd2 Be7 7. Bg2 c6 8. O-O
O-O 9. a4 d5 10. b3 Ne4 11. Bf4 g5 12. Be3 f5 13. Ne5 f4 14. Bc1 fxg3 15. hxg3
Nxf2 16. Rxf2 Rxf2 17. Kxf2 dxc4 18. Be3 cxb3 19. Qxb3 Qf8+ 20. Kg1 Qf5 21. Nc3
c5 22. Rf1 1-0

[Event "European Rapid 2022"]
[Site "Katowice POL"]
[Date "2022.12.18"]
[Round "7.94"]
[White "Kopaczewski, Adam"]
[Black "Warszawski, Bartosz"]
[Result "1-0"]
[WhiteElo "2096"]
[BlackElo "2160"]
[WhiteFideId "1187309"]
[BlackFideId "1110799"]
[EventDate "2022.12.17"]

1. e4 c5 2. Nc3 Nc6 3. g3 g6 4. Bg2 Bg7 5. Nge2 d6 6. O-O Nf6 7. d3 O-O 8. h3
Rb8 9. g4 b5 10. Ng3 b4 11. Nce2 e5 12. Be3 Ne8 13. Qd2 f6 14. c3 Ba6 15. f4
bxc3 16. bxc3 Qa5 17. f5 g5 18. Nh5 Rf7 19. Rad1 Bh6 20. Kf2 Rfb7 21. Rh1 Rb2
22. Qe1 Bf8 23. Kf3 Qd8 24. Rh2 d5 25. exd5 Qxd5+ 26. Kg3 Qd6 27. Be4 Rxa2 28.
Qh1 Rbb2 29. Bd5+ 1-0

[Event "European Rapid 2022"]
[Site "Katowice POL"]
[Date "2022.12.18"]
[Round "7.95"]
[White "Adamczewski, Maciej"]
[Black "Brilej, Jaka"]
[Result "1/2-1/2"]
[BlackTitle "FM"]
[WhiteElo "2071"]
[BlackElo "2336"]
[WhiteFideId "1148702"]
[BlackFideId "14618818"]
[EventDate "2022.12.17"]

1. d4 d5 2. c4 c6 3. Nc3 Nf6 4. Nf3 e6 5. g3 dxc4 6. Bg2 Nbd7 7. O-O Be7 8. e4
b5 9. e5 Nd5 10. Ne4 Bb7 11. b3 c3 12. Nfg5 h6 13. Nxe6 fxe6 14. Qh5+ Kf8 15. f4
Kg8 16. Bh3 Nf8 17. f5 Qe8 18. Qf3 exf5 19. Bxf5 Bc8 20. g4 Ng6 21. Be3 Nh4 22.
Qg3 Qd8 23. Kh1 Nxe3 24. Qxe3 Bg5 25. Qxc3 Qd5 26. Rae1 Bxf5 27. gxf5 Rf8 28.
Qh3 Kh7 29. Qg4 Nxf5 30. Rxf5 g6 31. Rxg5 hxg5 32. Qxg5 Rf5 33. Qg2 Kg7 34. Rg1
Rh6 35. Qg4 Rfh5 36. Rg2 Rh4 37. Qg5 Rxh2+ 38. Rxh2 Qxe4+ 39. Qg2 Rxh2+ 40. Kxh2
Qxd4 41. Qxc6 Qxe5+ 42. Kh3 Qf5+ 43. Kg3 Qe5+ 44. Kg4 Kh6 45. Qc1+ Kg7 46. Qc6
Qf5+ 47. Kg3 Kh6 48. Qa8 Qe5+ 49. Kg4 Qe6+ 50. Kg3 Qe3+ 51. Kg4 Qd4+ 52. Kg3 Kg5
53. Qe8 Qf4+ 54. Kg2 Qd2+ 55. Kg3 Qd3+ 56. Kg2 Qd5+ 57. Kg3 Kf5 58. Qf8+ Ke4 59.
Qf3+ Kd4 60. Qf2+ Kc3 61. Qxa7 Qe5+ 62. Kf3 Qf5+ 63. Ke2 Qc2+ 64. Kf1 Qd1+ 65.
Kg2 Qd2+ 66. Kf3 Kb2 67. a4 Qd5+ 68. Kg4 Qf5+ 69. Kg3 Qe5+ 70. Kg4 Qe6+ 71. Kf4
Qf5+ 72. Kg3 Qg5+ 73. Kf3 Qd5+ 74. Kg4 Qf5+ 75. Kg3 Kxb3 76. axb5 Qxb5 77. Qf7+ 1/2-1/2

[Event "European Rapid 2022"]
[Site "Katowice POL"]
[Date "2022.12.18"]
[Round "7.96"]
[White "Mirski, Michal"]
[Black "Povilaitis, Tomas"]
[Result "0-1"]
[WhiteElo "1917"]
[BlackElo "2038"]
[WhiteFideId "1157159"]
[BlackFideId "12811700"]
[EventDate "2022.12.17"]

1. e4 c5 2. Nc3 Nc6 3. Nge2 e5 4. d3 g6 5. Be3 d6 6. Qd2 h6 7. h3 Bg7 8. g4 Nge7
9. Bg2 Nd4 10. f4 Nxe2 11. Nxe2 exf4 12. Nxf4 Bxb2 13. Rb1 Bg7 14. O-O O-O 15.
Ne2 Kh7 16. e5 Nc6 17. exd6 Qxd6 18. Nc3 b6 19. Ne4 Qe6 20. a4 Bd7 21. Rbe1 Ne5
22. a5 Rad8 23. g5 h5 24. Nf6+ Bxf6 25. Rxf6 Qa2 26. axb6 axb6 27. Rxb6 Bxh3 28.
Bxc5 Rfe8 29. Qc3 Rxd3 30. Qxd3 Nxd3 31. Rxe8 Qxc2 32. Rh8+ Kxh8 33. Bd4+ Kh7
34. Bxh3 Qd1+ 35. Kh2 Qd2+ 36. Kg1 Qxg5+ 37. Bg2 Ne1 38. Rb2 Nf3+ 0-1

[Event "European Rapid 2022"]
[Site "Katowice POL"]
[Date "2022.12.18"]
[Round "7.97"]
[White "Walter, Ema"]
[Black "Zochowski, Kacper"]
[Result "0-1"]
[BlackTitle "FM"]
[WhiteElo "2041"]
[BlackElo "2256"]
[WhiteFideId "14960710"]
[BlackFideId "1125494"]
[EventDate "2022.12.17"]

1. e4 d6 2. d4 g6 3. Nf3 Bg7 4. Be3 Nf6 5. Bd3 c6 6. O-O O-O 7. a4 Qc7 8. h3 e5
9. Nc3 Re8 10. Re1 Nbd7 11. Qd2 Nf8 12. Rad1 Ne6 13. Ne2 Bd7 14. b3 Rad8 15. c4
exd4 16. Nexd4 Nc5 17. Bg5 Nfxe4 18. Bxd8 Qxd8 19. Bxe4 Nxe4 20. Qf4 f5 21. Qc1
Qb6 22. Qc2 a6 23. Qd3 Rd8 24. Qe3 Qc7 25. Nd2 d5 26. Nxe4 fxe4 27. cxd5 cxd5
28. Qg5 Bc8 29. h4 Qd6 30. h5 Rf8 31. hxg6 hxg6 32. Nc2 Rf5 33. Qe3 Rh5 34. g3
Bg4 35. Qxe4 dxe4 36. Rxd6 Bf3 0-1

[Event "European Rapid 2022"]
[Site "Katowice POL"]
[Date "2022.12.18"]
[Round "7.98"]
[White "Gvetadze, Sofio"]
[Black "Haug, Havard"]
[Result "1/2-1/2"]
[WhiteTitle "IM"]
[WhiteElo "2298"]
[BlackElo "2044"]
[WhiteFideId "13601440"]
[BlackFideId "1547887"]
[EventDate "2022.12.17"]

1. Nf3 Nf6 2. g3 g6 3. Bg2 Bg7 4. O-O O-O 5. d3 d6 6. c4 e5 7. Nc3 c6 8. h3 Re8
9. e4 d5 10. Qe2 d4 11. Nb1 c5 12. Nbd2 Nc6 13. a3 a5 14. Ne1 Nd7 15. Ndf3 f6
16. Nc2 a4 17. Bd2 Nf8 18. Rab1 Na5 19. Bxa5 Rxa5 20. b4 axb3 21. Rxb3 Re6 22.
Rfb1 Rea6 23. Qe1 b6 24. Kh2 Bd7 25. Rxb6 Ra8 26. Qc1 Ba4 27. Nfe1 Nd7 28. R6b2
Bf8 29. h4 Bd6 30. Bh3 Bc6 31. Be6+ Kg7 32. Nf3 R8a7 33. Bd5 Qc7 34. Nd2 R5a6
35. Bxc6 Qxc6 36. Rb5 Nb6 37. Qb2 Na4 38. Rb7+ Kh6 39. Qb5 Qxb5 40. R1xb5 Nc3
41. Rxa7 Rxa7 42. Rb6 Bc7 43. Rxf6 Rb7 44. Ne1 Ba5 45. Nef3 Nd1 46. Nf1 Nxf2 47.
Nxe5 Rb2 48. Rxf2 Rxf2+ 49. Kg1 Ra2 50. Nd7 Rxa3 51. Nxc5 Bb4 52. Ne6 Rxd3 53.
Kf2 Rc3 54. e5 d3 55. Ke3 Rc1 56. Nh2 Rxc4 57. Kxd3 Rc3+ 58. Ke4 Rxg3 59. Kf4
Rg1 60. Nf3 Rg2 61. Neg5 Be7 62. Ne4 Kg7 63. e6 Ra2 64. Ke5 Ra5+ 65. Kf4 h6 66.
Ne5 Ra6 67. h5 Rxe6 68. Nxg6 Bd8 69. Kf5 Ra6 70. Nf4 Ra5+ 71. Kg4 Re5 72. Ng3
Rg5+ 73. Kf3 Kh7 74. Ne6 Rg8 75. Ne4 Re8 76. Nf4 Rf8 77. Kg4 Re8 78. Kf5 Rf8+
79. Kg4 Rg8+ 80. Kf5 Bg5 81. Ng6 Ra8 82. Ne5 Rf8+ 83. Ke6 Rf4 84. Nd6 Rf6+ 85.
Kd7 Bf4 86. Ne8 Rf5 87. Ng6 Bc1 88. Ke6 Rxh5 89. Nf6+ Kg7 90. Nxh5+ Kxg6 91. Ng3
Bf4 92. Kd5 Kg5 93. Ke4 Kg4 94. Ne2 Bd2 95. Kd3 Bg5 96. Ng1 Kg3 97. Ke2 Kg2 98.
Nf3 Bf6 99. Ne1+ Kg3 100. Nc2 Bd8 101. Ne3 h5 102. Kf1 Kh2 103. Nf5 Bb6 104. Nh4
Kh3 105. Nf5 Kh2 106. Nh4 Ba7 107. Nf5 Bb8 108. Nh4 Bg3 109. Nf5 Bf4 110. Nh4
Be3 111. Nf5 Bc1 112. Nh4 Ba3 113. Nf3+ Kh1 114. Nh4 Bc1 115. Nf5 Kh2 116. Nh4
Be3 117. Nf5 Ba7 118. Nh4 Kg3 119. Nf5+ Kf3 120. Nh4+ Kg4 121. Kg2 Kxh4 122. Kh1
Kg3 1/2-1/2

[Event "European Rapid 2022"]
[Site "Katowice POL"]
[Date "2022.12.18"]
[Round "7.99"]
[White "Saraci, Korab"]
[Black "Hercog, Nusa"]
[Result "1/2-1/2"]
[BlackTitle "WFM"]
[WhiteElo "2192"]
[BlackElo "2057"]
[WhiteFideId "4701968"]
[BlackFideId "14614324"]
[EventDate "2022.12.17"]

1. e4 c5 2. c3 Nf6 3. e5 Nd5 4. d4 cxd4 5. Nf3 Nc6 6. cxd4 d6 7. Bc4 e6 8. O-O
Be7 9. a3 O-O 10. Qe2 Na5 11. Ba2 b6 12. b4 Nc6 13. Bb2 Bb7 14. Nbd2 Rc8 15. Ne4
Qd7 16. Rfe1 Rfd8 17. Rad1 Nf4 18. Qd2 dxe5 19. Nxe5 Nxe5 20. Qxf4 Ng6 21. Qd2
Bd5 22. Bb1 Qb7 23. f3 Bb3 24. Rc1 Rxc1 25. Rxc1 Rc8 26. Nc3 Bd6 27. Be4 Qb8 28.
g3 f5 29. Bd3 Ne7 30. Nb5 Bd5 31. Rxc8+ Nxc8 32. Nxd6 Nxd6 33. Qf4 Qd8 34. Kf2
Nc4 35. Bc1 b5 36. g4 g6 37. gxf5 exf5 38. Qg3 Kf7 39. Qh3 h5 40. Qg3 Be6 41.
Qf4 a6 42. Kg2 Qd7 43. Qh6 Qxd4 44. Qh7+ Qg7 45. Qxg7+ Kxg7 46. Kg3 Kf6 47. f4
Bd5 48. Be2 Ke6 49. Kh4 Kf6 50. Bf1 Be4 51. a4 Bc6 52. axb5 axb5 53. Be2 Bd5 54.
Bf1 Be4 55. Be2 Bd5 56. Bf1 Be4 57. Kg3 Ke6 58. Kh4 Kf6 59. Bxc4 bxc4 60. Bb2+
Kf7 61. b5 Bb7 62. b6 Ba8 63. Kg5 Bb7 64. Bc3 1/2-1/2